000 00308nam a22001457a 4500
008 210226b ||||| |||| 00| 0 eng d
020 _a2900195012483
041 _aeng
080 _a94
082 _a94
100 _a16
101 _aSHH
245 _aThe Ancient Greeks
_cStarr, CH. G
942 _2udc
_cBK
999 _c55247
_d55247